00732cam a2200217 a 450000100100000000500170001000800410002702000150006804000230008308200180010610000380012424500820016226000320024430000210027649000290029750400740032665000220040065000260042270000350044883000310048300000529020200929151631.0980506s1997 sp b 001 f spa  a8437615682 aDO-SdBNPcDLCdDLC a863.64bG925m1 aGuelbenzu, José María,d1944-13aEl mercurio /cJosé María Guelbenzu ; edición, Ana Rodríguez Fischer. aMadrid :bCátedra,c1997. a405 p. ;c18 cm.1 aLetras Hispánicasv433 aIncluye referencias bibliográficas y notas al pie de las páginas. 4aNovela española 4aLiteratura española1 aRodríguez Fischer, Ana,eed. 0aLetras Hispánicas ;v433